000 00704nam a2200289Ia 4500
005 20260324112849.0
008 008 260324s9999 xx 000 0 eng d
020 _a9781003327059
037 _aEBOOK
040 _aCRL
040 _beng
040 _cCRL
041 _2eng
041 _aeng
084 _qCRL
100 _aKathryn Peckham
_91144451
245 0 _aNurturing Children through the Primary Years
245 0 _bDeveloping the Potential of Every Child
260 _bTaylor and Francis
260 _c2024
365 _a
365 _b205
856 _uhttp://www.taylorfrancis.com/books/9781003327059
942 _cEBOOK
999 _c1733826
_d1733826